000 00305nam a22001337a 4500
008 181122b xxu||||| |||| 00| 0 eng d
020 _a9780073112503
041 _aeng
080 _23rd
_a316
100 _a50
101 _aSOC
245 _aWomen's Voices Feminist Visions
_cShaw,S.M
942 _2udc
_cBK
999 _c52345
_d52345